LEADER 03539oam 2200673I 450 001 996199858003316 005 20240402080102.0 010 $a1-134-71515-3 010 $a0-203-02114-2 010 $a1-134-71516-1 010 $a1-280-33323-5 024 7 $a10.4324/9780203021149 035 $a(CKB)1000000000251060 035 $a(EBL)164907 035 $a(OCoLC)56914442 035 $a(SSID)ssj0000182321 035 $a(PQKBManifestationID)11172428 035 $a(PQKBTitleCode)TC0000182321 035 $a(PQKBWorkID)10166183 035 $a(PQKB)10456968 035 $aebr10017611 035 $a(MiAaPQ)EBC164907 035 $a(Au-PeEL)EBL164907 035 $a(CaPaEBR)ebr10070757 035 $a(CaONFJC)MIL33323 035 $a(OCoLC)1000432593 035 $a(EXLCZ)991000000000251060 100 $a20180331d1997 uy 0 101 0 $aeng 135 $aur|n|---||||| 181 $ctxt 182 $cc 183 $acr 200 00$aIntroducing race and gender into economics /$fedited by Robin L. Bartlett 205 $a1st ed. 210 1$aLondon ;$aNew York :$cRoutledge,$d1997. 215 $a1 online resource (225 p.) 300 $aDescription based upon print version of record. 311 $a0-415-16283-1 311 $a0-415-16282-3 320 $aIncludes bibliographical references and index. 327 $aBook Cover; Title; Contents; List of figures; List of tables; List of contributors; Preface; Reconstructing Economics 190 RG: Introductory Economics course from a race and gender perspective; Protective labor legislation and women's employment; Market segmentation: the role of race in housing markets; Gender and race and the decision to go to college; The labor supply decision; differences between genders and races; The economics of affirmative action; Risk analysis: do current methods account for diversity?; Race and gender in a basic labor force model 327 $aGeneral vs. selective credit controls: the Asset Required Reserve ProposalA critique of national accounting; A disaggregated CPI: the differential effects of inflation; An active learning exercise for studying the differential effects of inflation; Gender and the study of economics: a feminist critique; Integrating race and gender topics into introductory microeconomics courses; Thoughts on teaching Asian-American undergraduates; Some thoughts on teaching predominantly affective-oriented groups; Race, gender, and economic data; Index 330 $aEconomics has tended to be a very male, middle class, white discipline. Introducing Race and Gender into Economics is a ground-breaking book which generates ideas for integrating race and gender issues into introductory eocnomics courses. Each section gives an overview of how to modify standard courses, including macroeconomics, methodology, microeconomics as well as race and gender-sensitive issues. This up-to-date work will be of increasing importance to all teachers of introductory economics. 606 $aEconomics$xStudy and teaching 606 $aWomen$xEconomic conditions 606 $aMinorities$xEconomic conditions 615 0$aEconomics$xStudy and teaching. 615 0$aWomen$xEconomic conditions. 615 0$aMinorities$xEconomic conditions. 676 $a330 676 $a330.07 701 $aBartlett$b Robin L$0253489 801 0$bFlBoTFG 801 1$bFlBoTFG 906 $aBOOK 912 $a996199858003316 996 $aIntroducing race and gender into economics$91952342 997 $aUNISA LEADER 01133nam0 22002771i 450 001 UON00206497 005 20231205103316.62 100 $a20030730d1954 |0itac50 ba 101 $aeng 102 $aGB 105 $a|||| 1|||| 200 1 $aˆA ‰Set of six$fby Joseph Conrad 210 $aLondon$cJ. M. Dent and Sons LTD$d1954 215 $axi, 289 p.$d18 cm. 410 1$1001UON00174101$12001 $a Collected Edition of the works of Joseph Conrad$1210 $aLondon$cJ. M. Dent and Sons LTD 606 $aNARRATIVA INGLESE$xSec. 19-20.$xStudi$3UONC078470$2FI 620 $aGB$dLondon$3UONL003044 676 $a823$cLetteratura narrativa inglese$v21 700 1$aConrad$bJoseph$3UONV020105$0153570 712 $aDent & Sons$3UONV258498$4650 801 $aIT$bSOL$c20260306$gRICA 899 $aSIBA - SISTEMA BIBLIOTECARIO DI ATENEO E ARCHIVIO STORICO$2UONSI 912 $aUON00206497 950 $aSIBA - SISTEMA BIBLIOTECARIO DI ATENEO E ARCHIVIO STORICO$dSI Angl V A CON 021 $eSI MR 68591 5 021 $sBuono 996 $aSet of six$971553 997 $aUNIOR